000
00181nam a22000857a 4500
082
_a
823
100
_a
MOHANBHAT S PATEL
245
_a
ONCE UPON A TIME
_b
STORIES FOR CHILDREN
942
_c
BK
999
_c
8323
_d
8323